|
|
|
|
| LEADER |
00000nam0a2200000 4500 |
| 001 |
163378 |
| 005 |
20231101222406.0 |
| 010 |
|
|
|a 9785911318185
|b (в пер.)
|b 2500 экз. (1-й з-д 1-600)
|
| 021 |
|
|
|a RU
|b 08-29661
|9 08-1637
|
| 035 |
|
|
|a (RuTPU)RU\TPU\book\177266
|
| 090 |
|
|
|a 163378
|
| 100 |
|
|
|a 20090817d2009 m y0rusy5002 ca
|
| 101 |
0 |
|
|a rus
|
| 102 |
|
|
|a RU
|
| 105 |
|
|
|a y j 001zy
|
| 200 |
1 |
|
|a Бухгалтерский учет
|e учебник
|f В. Э. Керимов
|
| 205 |
|
|
|a 2-е изд., изм. и доп.
|
| 210 |
|
|
|a Москва
|c Дашков и Ко
|d 2009
|
| 215 |
|
|
|a 775 с.
|d 21 см.
|
| 320 |
|
|
|a Библиогр.: с. 774-775.
|
| 330 |
|
|
|a В учебнике изложены теоретические основы и практические аспекты организации бухгалтерского учета применительно к производственным предприятиям. Он подготовлен в соответствии с государственным стандартом высшего профессионального образования и соответствует всем современным требованиям подготовки кадров. К несомненным достоинствам учебника можно отнести: обилие практических примеров, таблиц и схем, доступный и одновременно высокопрофессиональный язык изложения, проблемный характер рассмотрения учебных вопросов, что ориентирует студентов на принятие различных управленческих решений в процессе обучения. Для студентов вузов, обучающихся по экономическим специальностям, а также преподавателей, научных работников и бухгалтеров-практиков.
|
| 606 |
1 |
|
|a Бухгалтерский учет
|2 stltpush
|3 (RuTPU)RU\TPU\subj\30744
|9 53805
|
| 610 |
1 |
|
|a учебники
|
| 610 |
1 |
|
|a производственные предприятия
|
| 610 |
1 |
|
|a организация
|
| 610 |
1 |
|
|a основные средства
|
| 610 |
1 |
|
|a нематериальные активы
|
| 610 |
1 |
|
|a материалы
|
| 610 |
1 |
|
|a персонал
|
| 610 |
1 |
|
|a расчеты
|
| 610 |
1 |
|
|a труд
|
| 610 |
1 |
|
|a оплата
|
| 610 |
1 |
|
|a продукция
|
| 610 |
1 |
|
|a затраты
|
| 610 |
1 |
|
|a себестоимость
|
| 610 |
1 |
|
|a калькулирование
|
| 610 |
1 |
|
|a денежные средства
|
| 610 |
1 |
|
|a финансовые вложения
|
| 610 |
1 |
|
|a расчетные операции
|
| 610 |
1 |
|
|a финансовые результаты
|
| 610 |
1 |
|
|a бухгалтерская отчетность
|
| 675 |
|
|
|a 657.22(075.8)
|v 3
|z rus
|
| 700 |
|
1 |
|a Керимов
|b В.Э.оглы
|g Вагиф Эльдар оглы
|4 070
|
| 801 |
|
0 |
|a RU
|b 63413507
|c 20080609
|g PSBO
|
| 801 |
|
1 |
|a RU
|b 63413507
|c 20090817
|
| 801 |
|
2 |
|a RU
|b 63413507
|c 20210227
|g RCR
|
| 942 |
|
|
|c BK
|